000 01488nam a2200253Ia 4500
999 _c51964
_d51964
001 18965
003 GE_BSU
005 20220920103436.0
008 181216s2012||||ge |||||||||||||| ||geo||
040 _cGE_BSU
041 _ageo
080 _a7 ჯ-71
100 _aჯორბენაძე, მამუკა
_911685
245 _aგლობალიზაციის პროცესი და ეროვნული კულტურები : დისერტაცია /
_cმამუკა ჯორბენაძე; სამეცნიერო ხელმძღვანელი ა. ყულიჯანაშვილი, ე. მესხია; ბათუმის შოთა რუსთაველის სახ-ფო უნ-ტი.
264 _aბათუმი,
_c2012.
300 _a237 გვ.;
_b30 სმ.
653 _aგლობალიზაციის პროცესი და ეროვნული კულტურები
653 _aდისერტაცია
653 _aხელოვნება
700 _aყულიჯანაშვილი, ა.
_eსამეცნიერო ხელმძღვანელი
_911686
700 _aმესხია, ე.
_eსამეცნიერო ხელმძღვანელი
_911687
710 _aბათუმის შოთა რუსთაველის სახ-ფო უნ-ტი
_911688
942 _cBK
_2udc